[Event "LSS OP-2009-0-00957"]
[Site "LSS email"]
[Date "2009.10.10"]
[Round "?"]
[White "Kopasov, Evgeny Aleksandrovi"]
[Black "Popov, Vladimir Vladimirov"]
[Result "1-0"]
[WhiteElo "2267"]
[BlackElo "1400"]
[PlyCount "33"]
[EventDate "2009.09.29"]
[EventType "tourn (corr)"]
[EventRounds "4"]
[EventCountry "GER"]
[SourceTitle "Telechess CBM 137"]
[Source "ChessBase"]
[SourceDate "2010.07.15"]
[SourceVersion "1"]
[SourceVersionDate "2010.07.15"]
[SourceQuality "1"]

1. d4 Nf6 2. c4 e6 3. Nc3 Bb4 4. Qc2 0-0 5. e4 c5 6. e5 cxd4 7. a3 Qa5 8. axb4 Qxa1 9. exf6 dxc3 10. fxg7 Rd8 11. bxc3 d5 12. Nf3 Nc6 13. Bd3 f5 14. 0-0 Nxb4 15. cxb4 Qxg7 16. cxd5 Rxd5 17. Bb2 1-0

[Event "LSS OP-2009-0-00874"]
[Site "LSS email"]
[Date "2009.06.13"]
[Round "?"]
[White "Popov, Vladimir Vladimirov"]
[Black "Stuart, Keith"]
[Result "0-1"]
[WhiteElo "1400"]
[BlackElo "1389"]
[PlyCount "64"]
[EventDate "2009.06.05"]
[EventType "tourn (corr)"]
[EventRounds "4"]
[EventCountry "GER"]
[SourceTitle "Telechess CBM 137"]
[Source "ChessBase"]
[SourceDate "2010.07.15"]
[SourceVersion "1"]
[SourceVersionDate "2010.07.15"]
[SourceQuality "1"]

1. e4 e5 2. Nf3 Nc6 3. Bb5 Nf6 4. 0-0 g6 5. Bxc6 dxc6 6. Nxe5 Bd6 7. Nf3 Bf4 8. e5 Nh5 9. d4 0-0 10. Bxf4 Nxf4 11. Qd2 Nd5 12. c4 Nb6 13. Qh6 f6 14. Nbd2 fxe5 15. b3 exd4 16. Ng5 Qd7 17. Rae1 Qg7 18. Qxg7+ Kxg7 19. f4 h6 20. Re7+ Kg8 21. Ngf3 Rf7 22. Rxf7 Kxf7 23. Nxd4 Bg4 24. h3 Rd8 25. hxg4 Rxd4 26. Nf3 Re4 27. g3 Re2 28. Rf2 Re3 29. Ne5+ Kg7 30. Rd2 Rxg3+ 31. Kf2 Rh3 32. Rd8 Rh2+ 0-1